Регионална библиотека "Любен Каравелов" - Русе

Със скоростта на желанието (Запис номер 51723)

MARC детайли
000 -Лидер
Контролно поле с фиксирана дължина 01485nam a2200349 c 4500
003 - Код на организацията, давaща контролен номер
Контролно поле BLK
005 - Дата и час на последна редакция
Контролно поле 20220528121020.0
008 - Елементи от данни с фиксирана дължина
fixed length control field 180408b bul|||||r ||||||| ||bul||
010 ## - Наследен системен номер
LC control number KNG00055637000
020 ## - Международен стандартен номер на книга ISBN
Международен стандартен номер на книга ISBN 978-954-529-894-3
-- издат.: Колибри
040 ## - Източник на каталожния запис
Идентификатор на билиотеката - собственик на записа BLK
041 ## - Код за език
Код за езика на текст/звукозапис или на отделно заглавие Български
Код за езика КДБФ Български
072 #7 - Код за тематичната категория
Код организация bullib
Код за тематична категория Н83
Текст Чужда художествена литература Н
080 ## - УДК
Текстов определител УДК Мексиканска литература
УДК код - определител по УДК 821.134.2(720)
УДК определител -31
УДК - код + определител 821.134.2(720)-31
100 1# - Редна дума - Автор
Автор Ескивел, Лаура
Авторска отговорност първи автор
R(LIN) 67631
139 ## - Редно поле
Редна дума Ескивел, Лаура
Авторски знак Еск - Е 88
245 10 - Сведения за заглавието
Заглавие Със скоростта на желанието
Подзаглавни данни Роман
Редно поле (дума) Лаура Ескивел; прев. от исп. София Каталан.
250 ## - Област на изданието
Сведения за изданието 2. изд.
257 ## - Страна на издаване
Страна на създаване/издаване Мексико
260 ## - Област на издателските данни
-- София
Име на издателя, разпространителя и проч. Колибри
Година на издаване 2011
Печатница София : Инвестпрес
300 ## - Физическа характеристика
Страници 144 с.
Размери/Мащаб 20 см
380 ## - Жанр
Жанр Худож. лит.
500 ## - Общи забележки
Забележка Ориг. загл. Tan veloz como el deseo / Laura Esguivel. - 1. изд. 2001 на изд. Бард със загл. Раздавачът на щастие ; В кн. означено Ново изд.
653 ## - Ключова дума – ненормативна
Ключова дума романи
659 ## - Тематичен бюлетин
Тематичен бюлетин Н
700 1# - Други автори (авторска отговорност)
Лично име Каталан, София
Автороска отговорност (Описва отношението между автора и произведението) прев. от исп.
9 (RLIN) 283997
852 ## - Местоположение
Форматна сигнатура Цб 254294
856 4# - Електронен адрес и достъп
Електронен формат pdf - файл
Път до файла /url/
856 4# - Електронен адрес и достъп
Електронен формат pdf - файл
Път до файла /url/
942 ## - АРТИКУЛИ
Вид на библиотечния материал Книги
Скрит в OPAC Не
Koha issues (borrowed), all copies 5
944 ## - СЪЗДАВАНЕ И РЕДАКЦИЯ на ЗАПИСА
Създаване/Редакция Създаване
Дата на регистрацията/редакция 06.01.2012
Статус, дата на статуса ф /
Служител, извършил регистрацията/редакцията Пенка_Димитрова
944 ## - СЪЗДАВАНЕ И РЕДАКЦИЯ на ЗАПИСА
Създаване/Редакция Редакция
Дата на регистрацията/редакция 22.02.2017
Статус, дата на статуса ф /
Служител, извършил регистрацията/редакцията Виолета_Тройчева
999 ## - СИСТЕМНИ КОНТРОЛНИ НОМЕРА
Koha biblionumber 51723
Koha biblioitemnumber 51723
Наличности
Код за отписване Код за изгубен артикул Източник на класификационната схема Код за повреда Коз за рестрикции Код за отдаване Артикулен № Име на библиотеката - собственик Име на библиотеката, в която се намира в момента Статус (Текущо местоположение) Дата на вписване в системата Местоположение - отдел Цена в лева Инвентарен номер Систематично азбучна сигнатура Баркод Номер на екземпляра Цена в евро Служебна бележка Служебен тип на артикула
  Не е изгубен Universal Decimal Classification Не е повреден без рестрикции заемане за дома 81477 Регионална библиотека "Любен Каравелов" Русе Регионална библиотека "Любен Каравелов" Русе Заемна - подръчен фонд 2011-12-19 Заемна - подръчен фонд 12.00 120000755917 П 860(7/8)-31/Е 88 120000755917 1 6.14 Дост: Pk Вид: Ф N: 291 Дата: 15.12.2011 Книги
  Не е изгубен   Не е повреден без рестрикции ползва се в читалня 81478 Регионална библиотека "Любен Каравелов" Русе Регионална библиотека "Любен Каравелов" Русе Хранилище 2013-03-20 Хранилище 12.00 120000765225 Цб 254294 120000765225 2 6.14 Дост: Dp Вид: Д N: 48 Дата: 21.11.2011 Книги
Vip Innovations Ltd, Rousse, Bulgaria 2025